| 000 | 01346cam a22003617a 4500 | ||
|---|---|---|---|
| 003 | CHAP | ||
| 005 | 20220817043441.0 | ||
| 008 | 980529d1990 mx r 00110 spa d | ||
| 010 | _a75652 | ||
| 011 | _a76624 | ||
| 035 | _a86210 | ||
| 040 | _cCHAP | ||
| 090 | _aFolleto 15078 | ||
| 100 | 0 | 0 |
_aMartínez Villa, Jesús. _972620 |
| 245 | 1 | 0 |
_aGuía para la producción de frijol en el estado de Coahuila _c/por Jesús Martínez Villa y Sergio Javier García Garza |
| 260 |
_aSaltillo, Coah. : _bINIFAP. Centro de Investigaciones Forestales y Agropecuarias de Coahuila, _c1990. |
||
| 300 |
_a9 p. : _bcuadros |
||
| 410 |
_aINIFAP. _bCentro de Investigaciones Forestales y Agropecuarias |
||
| 490 | 0 |
_aFolleto para productores _v; 1 |
|
| 590 |
_aBATCH-UPD _b10 _c20130110 _lUCH01 _h0739 |
||
| 590 |
_aBATCH-UPD _b10 _c20130410 _lUCH01 _h0421 |
||
| 590 |
_aBATCH-UPD _b10 _c20130914 _lUCH01 _h1424 |
||
| 590 |
_aCONVERSION _b10 _c20130109 _lUCH01 _h1341 |
||
| 650 | 1 | 4 |
_aFrijol _xCoahuila. _943346 |
| 650 | 1 | 4 |
_aFrijol _xRendimiento. _943429 |
| 700 | 0 |
_aGarcía Garza, Sergio Javier. _946050 |
|
| 810 |
_aINIFAP. _bCentro de Investigaciones Forestales y Agropecuarias _958631 |
||
| 830 | 0 |
_aFolleto para productores _v; 1 |
|
| 901 | _aBK | ||
| 905 | _aLilia Sánchez G. | ||
| 942 | _cFOLL | ||
| 949 |
_aFolleto 15078 _bBC _cFOLL _d862101 _eTS1 _i86210 _sb |
||
| 999 |
_c75652 _d75652 |
||